Les Entitats locals davant la Unió Europea / [coordinació: Carme Pleguezuelos] Carme Pleguezuelos]
ISBN:
84-87286-19-4
Descripción Física:
225 p. ; 24 cm
Otros Autores:
Pleguezuelos, Carme
MARC
| LEADER | 00000nam a2200000Ia 4500 | ||
|---|---|---|---|
| 001 | 18772 | ||
| 008 | 160829s1994 xx 000 0 cat d | ||
| 020 | |a 84-87286-19-4 | ||
| 080 | |a M-5-387 | ||
| 245 | |a Les Entitats locals davant la Unió Europea / [coordinació: |b Carme Pleguezuelos] | ||
| 260 | |a Barcelona : |b Federació de Municipis de Catalunya, |c 1994 | ||
| 300 | |a 225 p. ; |c 24 cm | ||
| 590 | |a A la part inferior de la portada: Amb el suport del Patronat Català Pro Europa. | ||
| 590 | |a Inclou el Tractat de la Unió Europea juntament amb el text complet del Tractat constitutiu de la Comunitat Europea | ||
| 650 | 0 | |a Administració local |9 34286 | |
| 650 | |a Unió Europea, Països de la |9 37649 | ||
| 700 | |a Pleguezuelos, Carme |e coordinadora |9 42287 | ||
| 710 | |a Federació de Municipis de Catalunya |9 52168 | ||
| 901 | |a Arxiu | ||
| 942 | |n 1 |2 udc | ||
| 952 | |0 0 |1 0 |4 0 |6 M5387 |7 1 |9 52679 |a Arxiu |b Arxiu |d 2016-12-01 |l 0 |o M-5-387 |p 18772 |r 2016-12-01 00:00:00 |w 2016-12-01 |y ARXIU | ||
| 999 | |c 56528 |d 56528 | ||